Top 10 Countries by Food Consumption - Statistics

General Stats
  • This quiz has been taken 228 times
  • The average score is 5 of 10
Answer Stats
Energy(kcal) Country % Correct
3.750 United States of America
100%
3.540 Germany
78%
3.650 Italy
76%
3.710 Greece
48%
3.800 Austria
45%
3.690 Belgium
45%
3.590 Ireland
45%
3.580 Portugal
40%
3.680 Luxembourg
26%
3.600 Malta
15%
No matching quizzes found
Score Distribution
Percent of People with Each Score
Percentile by Number Answered
Your Score History
You have not taken this quiz